Spell the Marvel Hero #75 - Statistics

General Stats
  • This quiz has been taken 17 times
  • The average score is 9 of 12
Answer Stats
Picture Answer % Correct
Elektra
100%
Punisher
100%
Lockjaw
93%
War Machine
93%
Adam Warlock
86%
Elsa Bloodstone
86%
Emma Frost
86%
Kitty Pryde
79%
Rage
57%
Sleepwalker
57%
Loa
50%
Shaman
50%
No matching quizzes found
Score Distribution
Percent of People with Each Score
Percentile by Number Answered
Your Score History
You have not taken this quiz